MARC

LEADER 00000nam0a2200000 4500
001 279339
005 20250131182029.0
035 |a (RuTPU)RU\TPU\book\302617 
090 |a 279339 
100 |a 20141218a1986 k y0rusy5003 ca 
101 0 |a rus 
102 |a RU 
105 |a a z 001zy 
200 1 |a Метрологическое обеспечение экспериментальных исследований энергетических объектов  |f Всесоюзный проектно-изыскательский и научно-исследовательский институт "ГИДРОПРОЕКТ" имени С. Я. Жука ; под ред. Л. А. Золотова, Д. Б. Радкевича 
210 |a Москва  |c Гидропроект  |d 1986 
215 |a 158 с.  |c ил. 
225 1 |a Сборник научных трудов Гидропроекта  |v Вып. 109 
320 |a Библиогр. в конце ст. 
500 1 0 |a Сборник научных трудов Гидропроекта  |9 88831 
606 1 |a Энергетика  |2 stltpush  |3 (RuTPU)RU\TPU\subj\21200  |9 46224 
610 1 |a энергетические системы 
610 1 |a математическое обеспечение 
610 1 |a метрологическое обеспечение 
610 1 |a экспериментальные исследования 
610 1 |a энергетические объекты 
610 1 |a энергетические сооружения 
610 1 |a моделирование 
675 |a 620.9  |v 4 
702 1 |a Золотов  |b Л. А.  |4 340 
702 1 |a Радкевич  |b Д. Б.  |4 340 
712 0 2 |a Всесоюзный проектно-изыскательский и научно-исследовательский институт "ГИДРОПРОЕКТ" имени С. Я. Жука  |3 (RuTPU)RU\TPU\col\11545  |9 25169 
801 0 |a RU  |b RuMRKP  |c 19950704  |g psbo 
801 1 |a RU  |b 63413507  |c 20141218 
801 2 |a RU  |b 63413507  |c 20170418  |g RCR 
942 |c BK